| 000 | 01040nam a2200265 i 4500 | ||
|---|---|---|---|
| 001 | 19781 | ||
| 003 | ES-MaACL | ||
| 005 | 20250422123707.0 | ||
| 007 | t| | ||
| 008 | 021015s1907 sp |||| | spa d | ||
| 040 | _cES-MaACL | ||
| 080 | _a821.131.1 D'Annunzio, Gabriele | ||
| 100 | 1 |
_aAlcalá Galiano, Álvaro, _d1873-1936 _eaut _919458 |
|
| 245 | 1 | 3 |
_aEl teatro de D'Annunzio : _bestudio crítico leído en el Ateneo de Madrid el 20 de abril de 1907 / _cpor Álvaro Alcalá Galiano. |
| 260 |
_aMadrid : _b[s.n.], _c1907 _f(Imp. Hijos de M.G. Hernández) |
||
| 300 |
_a76 páginas ; _c24 cm. |
||
| 530 | _aDisponible en formato digital | ||
| 600 | 1 | 4 |
_aD'Annunzio, Gabriele, _d1863-1938 _942351 |
| 610 | 2 | 4 |
_aAteneo de Madrid- _vConferencias- _y1900-1939 _91907 |
| 852 |
_aES-MaACL _cDEPOF _j2166-F-8 _zRevisado enlace: 22 de Abril de 2025 |
||
| 856 |
_uhttps://archive.org/details/elteatrodedannun00alcauoft _y(Internet Archive) |
||
| 942 |
_cFOLLETOS _n0 |
||
| 999 |
_c19781 _d19781 |
||